000 01978cam a22004333a 4500
001 15143
003 PGUSA
005 20140828083326.0
008 050222s2005||||xxu|||||s|||||000 | eng d
040 _aPGUSA
_beng
042 _adc
050 4 _aPN
245 1 0 _aFamous Modern Ghost Stories
_h[electronic resource]
260 _bProject Gutenberg,
_c2005
505 0 _aThe willows / Algernon Blackwood -- The shadows on the wall / Mary E. Wilkins Freeman -- The messenger / Robert W. Chambers -- Lazarus / Leonid Andreyev -- The beast with five fingers / W.F. Harvey -- The mass of shadows / Anatole France -- What was it? / Fitz James O'Brien -- The middle toe of the right foot / Ambrose Bierce -- The shell of sense / Olivia Howard Dunbar -- The woman at Seven Brothers / Wilbur Daniel Steele -- At the gate / Myla Jo Closser -- Ligeia / Edgar Allan Poe -- The haunted orchard / Richard Le Gallienne -- The bowmen / Arthur Machen -- A ghost / Guy de Maupassant.
506 _aPublic domain in the USA.
516 _aElectronic text
653 _aGhost stories
653 _aShort stories
700 1 _aBierce, Ambrose,
_d1842-1913
700 1 _aDunbar, Olivia Howard,
_d1873-1953
700 1 _aFrance, Anatole,
_d1844-1924
700 1 _aPoe, Edgar Allan,
_d1809-1849
700 1 _aMachen, Arthur,
_d1863-1947
700 1 _aAndreyev, Leonid,
_d1871-1919
700 1 _aLe Gallienne, Richard,
_d1866-1947
700 1 _aHarvey, William Fryer,
_d1885-1937
700 1 _aMaupassant, Guy de,
_d1850-1893
700 1 _aChambers, Robert W.
_q(Robert William),
_d1865-1933
700 1 _aFreeman, Mary Eleanor Wilkins,
_d1852-1930
700 1 _aSteele, Wilbur Daniel,
_d1886-1970
700 1 _aO'Brien, Fitz James,
_d1828-1862
700 1 _aBlackwood, Algernon,
_d1869-1951
700 1 _aScarborough, Dorothy,
_d1878-1935
700 1 _aClosser, Myla Jo
830 0 _aProject Gutenberg
_v15143
856 4 0 _uhttp://www.gutenberg.org/ebooks/15143
942 _cEB
999 _c244398
_d244398